00441nam a22001577a 4500003000400000082001700004100001100021245002800032260004400060300000800104650001900112653001900131942001200150952010400162999001700266SGT a617.69bL23P aPoonam aLaser in Prosthodontics aGurugram, HaryanabSGT Universityc2023 a111 aProsthodontics aProsthodontics 2ddccTH 00102ddc405171aFDbFDd2023-02-17l0o617.69 L23PpDT1499r2023-02-17 00:00:00w2023-02-17yTH c23812d23812